01509nam a2200205 450000500170000000800410001704000440005804100080010208200120011010000200012224501980014226000710034030000310041150004400044250503320088250600210121465000190123565000310125465000180128520190326094557.0190326s1930 sp |||fr|||| 001 0 spa d aCO-BoUCMbspacSandra YazodSandra Yazo1 aspa04220a2391 aBuysse, Paul‏10aJesús ante la críticabSu existencia, su misión, su personalidadcpor el Rdo. Pablo Buysse, Pbro. ; Traducción del R. P. Ramiro de Santibáñez (…) Premiada por la Academia Francesa aBarcelona (España)bEditorial Litúrgica Española S. A.c1930 a496 páginasc18 x 12 cm. aDetalles físicos: Encuadernación rígida en cartón forrado en tela texturizada, tapa delantera y lomo con impresión en dos tintas, algunos repujados. Guardas con decoración en papel. Anteportada. Portada impresa en una sola tinta. Licencias y permisos. Texto impreso en una sola columna con diferentes tipos y tamaños de letra. Notas de pie de página. Índices. Tapas con raspaduras y lomo con residuos de cinta pegante0 aLa existencia de Jesús ante la razón del hombre ; La existencia de Jesús ante el corazón del hombre ; Jesús, fundador de la Iglesia Católica es un enviado de Dios; es el Mesías o Cristo ; La personalidad de Jesús: opinión de los hombres; afirmaciones de Jesús; el testimonio del Padre ; Conclusión general aConsulta en sala 7aApologética  7aControversias xTeología 7aFe y razón